000 00639nam a2200181Ia 4500
008 151018s9999 xx 000 0 und d
082 _bRBASDV9718
_a891.462
100 _aबन्सिलाल हांडे
245 _aधनी माझ्या कुंकवाचा
250 _b1
260 _bके वा जोशी
_c1973
300 _a68
600 _aबन्सिलाल हांडे
630 _aधनी माझ्या कुंकवाचा
700 _aबन्सिलाल हांडे
730 _aधनी माझ्या कुंकवाचा
942 _cBOOK
999 _c1012082
_d1012079